Vysoké Tatry pohľad na Kriváň (2494 m)
| Other Authors: | |
|---|---|
| Format: | Postcard |
| Language: | Slovak Russian German English |
| PhysicalDescription: | 1 pohľadnica čiernobiela 11 x 15 cm |
| Published: |
[Bratislava]
VPL
[s.a.]
|
| Subjects: |
MARC
| LEADER | 00000nkm a2200000 a 4500 | ||
|---|---|---|---|
| 001 | vtls010689561 | ||
| 003 | SK-MaSNL | ||
| 005 | 20260512122807.0 | ||
| 007 | kp bo | ||
| 008 | 231206n xo |g||||| |00 kuslo | ||
| 015 | |a SNBG | ||
| 035 | |a ABD14DFD-74C3-4127-BB17-83EC922696FE | ||
| 035 | |a urn:nbn:sk:snk-kmxxzd | ||
| 035 | |a urn:nbn:sk:snk-km003rxa | ||
| 040 | |a SNK |b slo |c SNK |e AACR2 | ||
| 041 | 0 | |a slo |a rus |a ger |a eng | |
| 043 | |a e-xo--- | ||
| 044 | |a xo |c SK | ||
| 080 | |a 913(437.6) |2 2001 | ||
| 080 | |a (084.121) |2 2001 | ||
| 100 | 1 | |a Hajduch, Ján, |d 1906-1972 |4 pht |9 98286 | |
| 245 | 1 | 0 | |a Vysoké Tatry |h grafika |b pohľad na Kriváň (2494 m) |c foto Ján Hajduch |
| 246 | 3 | 1 | |a Vysokije Tatry |b vid na Krivaň (2494 m) |
| 246 | 3 | 1 | |a Hohe Tatra |b Blick auf den Kriváň (2494 m) |
| 246 | 3 | 1 | |a High Tatras |b view to the Kriváň (2494 m) |
| 260 | |a [Bratislava] |b VPL |c [s.a.] | ||
| 300 | |a 1 pohľadnica |b čiernobiela |c 11 x 15 cm | ||
| 546 | |a Súbežný názov rusky, nemecky, anglicky | ||
| 651 | 7 | |a Vysoké Tatry (Poľsko a Slovensko : pohorie) |2 SNKPHgeo |9 67729 | |
| 651 | 7 | |a Kriváň (Vysoké Tatry, Slovensko : štít) |2 SNKPH |9 165097 | |
| 655 | 7 | |a miestne pohľadnice |2 SNKPH |9 70510 | |
| 852 | |a Slovenská národná knižnica | ||
| 958 | |a GC | ||
| 958 | |a GBN | ||
| 958 | |a OND | ||
| 999 | |c 673417 |d 675347 | ||
| 952 | |a SNK |b SNK |y PREZ |7 0 |p 17A0639376 |o snkSP 1628/a |0 0 |1 0 |4 0 |d 2015-06-30 |f 1 |l 0 |r 2026-02-23 19:33:29 |w 2026-02-23 | ||


